Sistema de precios y asignación de recursos / (Registro nro. 12271)

Detalles MARC
000 -LEADER
fixed length control field 02041nam a2200289Ia 4500
003 - CONTROL NUMBER IDENTIFIER
control field OSt
005 - DATE AND TIME OF LATEST TRANSACTION
control field 20210827095352.0
008 - FIXED-LENGTH DATA ELEMENTS--GENERAL INFORMATION
fixed length control field 210310s1978 mx ad gr 000 0 spa d
020 ## - INTERNATIONAL STANDARD BOOK NUMBER
International Standard Book Number 9682500117 (Reimpresión)
020 ## - INTERNATIONAL STANDARD BOOK NUMBER
International Standard Book Number 0030895197 (Edición original)
040 ## - CATALOGING SOURCE
Original cataloging agency CO-JMCR
Transcribing agency CO-JMCR
041 1# - LANGUAGE CODE
Language code of text/sound track or separate title spa
Language code of original eng
082 04 - DEWEY DECIMAL CLASSIFICATION NUMBER
Classification number 338.52 /
Item number L227s
Edition number 23
100 1# - MAIN ENTRY--PERSONAL NAME
Personal name Richard H. Leftwich
Relator term autor
9 (RLIN) 27763
245 10 - TITLE STATEMENT
Title Sistema de precios y asignación de recursos /
Statement of responsibility, etc. Richard h. Leftwich ; traducción al español por, Vicente Agut Armer
250 ## - EDITION STATEMENT
Edition statement Sexta edición
260 ## - PUBLICATION, DISTRIBUTION, ETC.
Place of publication, distribution, etc. México :
Name of publisher, distributor, etc. Interamericana,
Date of publication, distribution, etc. 1978.
300 ## - PHYSICAL DESCRIPTION
Extent xi, 456 páginas :
Other physical details ilustraciones y gráficas en blanco y negro ;
Dimensions 224 cm.
500 ## - GENERAL NOTE
General note Incluye índice alfabético, glosario y notas a pie de página.
504 ## - BIBLIOGRAPHY, ETC. NOTE
Bibliography, etc. note Bibliografía : páginas 438.
505 0# - FORMATTED CONTENTS NOTE
Formatted contents note Organización de un sistema económico. -- Modelos de mercado puramente competitivo. -- Aplicaciones básicas del modelo. -- Elección y demanda del consumidor. -- Elección y demanda del consumidor individual ii. -- Clasificaciones del mercado y curva de demanda que enfrenta la firma. -- Principios de la producción. -- Costos de producción. -- Determinación del precio y la producción en competencia pura. -- Determinación del precios y la producción en monopolio puro. -- Derivación de la curva de ingreso marginal . -- Precio, ingreso marginal y elasticidad de la demanda. -- Determinación de precio y de la producción en el oligopolio. -- Determinación del precio y de la producción en competencia monopolística. -- Determinación del precio y empleo de los recursos: competencia pura. -- Determinación del precio y empleo de los recursos: monopolio y monopsonio. -- Asignación de recursos. -- Distribución de producto. -- Equilibrio y bienestar. -- Programación lineal.
650 14 - SUBJECT ADDED ENTRY--TOPICAL TERM
Topical term or geographic name entry element Sistema económico.
9 (RLIN) 27765
650 24 - SUBJECT ADDED ENTRY--TOPICAL TERM
Topical term or geographic name entry element Mercado competitivo.
9 (RLIN) 39758
650 24 - SUBJECT ADDED ENTRY--TOPICAL TERM
Topical term or geographic name entry element Demanda del consumidor
9 (RLIN) 39759
700 1# - ADDED ENTRY--PERSONAL NAME
Personal name Agut Armer, Vicente,
Relator term autor
9 (RLIN) 39760
942 ## - ADDED ENTRY ELEMENTS (KOHA)
Source of classification or shelving scheme Dewey Decimal Classification
Koha item type Books
Existencias
Withdrawn status Lost status Source of classification or shelving scheme Damaged status Not for loan Home library Current library Shelving location Date acquired Source of acquisition Full call number Barcode Date last seen Copy number Price effective from Koha item type
    Dewey Decimal Classification     Biblioteca Pública José María del Castillo y Rada Biblioteca Pública José María del Castillo y Rada General Stacks 04/15/2018 Donación 338.52 / L227s 430005547 05/16/2024 Ej.1 03/10/2021 Books